000 00665cab a2200217 4500
001 WB3204-22
008 090401t1996 xxu||||| |||| 00| 0 eng d
035 _a(Sirsi) u8453
041 _aeng
245 _aSale of PSA lost money
260 _c1996
350 _a0
490 _aFinancial Times
_v26 January 1996, 1&16(1)
520 _aA National Audit Office report reveals that privatisation of the Property Services Agency (PSA) cost £220m but raised only £4.7m.
650 _aPRIVATISATION
650 _aPROPERTY SERVICES AGENCY
650 _aPUBLIC SECTOR
690 _aPROPERTY-PROPERTY FINANCE AND INVESTMENT
942 _n0
948 _c04/03/1997
999 _c5208
_d5208